[Event "Sparkassen Chess Trophy 2022 A-Open"]
[Site "Dortmund"]
[Date "2024.08.12"]
[Round "3"]
[White "Jess, Stefan"]
[Black "Loheide, Michel"]
[Result "1-0"]
[WhiteElo "1920"]
[BlackElo "1975"]
[PlyCount "53"]
[EventDate "2024.08.10"]

1. e4 e5 2. Nf3 Nc6 3. Bb5 a6 4. Ba4 b5 5. Bb3 Bc5 6. c3 d6 7. h3 Nf6 8. d3 h6 9. Nbd2 O-O 10. Nf1 d5 11. exd5 Nxd5 12. Ng3 Nf6 13. O-O Qd6 14. Ne4 Nxe4 15. dxe4 Qe7 16. Bd5 Bb7 17. Nh2 Rad8 18. Qh5 Rd6 19. Ng4 Nd8 20. Be3 Bxd5 21. Bxc5 Bxe4 22. Bxd6 cxd6 23. Ne3 Bb7 24. Rad1 Qf6 25. Qg4 Qe6 26. Nf5 Qg6 27. Ne3 1-0

[Event "Sparkassen Chess Trophy 2022 A-Open"]
[Site "Dortmund"]
[Date "2024.08.12"]
[Round "3"]
[White "Kantor, Nikita"]
[Black "Spickermann, Sven"]
[Result "1-0"]
[WhiteElo "1971"]
[BlackElo "1920"]
[PlyCount "73"]
[EventDate "2024.08.10"]

1. e4 e5 2. Nf3 Nc6 3. Bc4 Bc5 4. c3 Nf6 5. d3 d6 6. O-O Bb6 7. Re1 O-O 8. Bb3 h6 9. h3 Ne7 10. d4 Ng6 11. a4 a6 12. Nbd2 Re8 13. Bc2 Be6 14. Nf1 Qd7 15. Kh2 c6 16. Bb3 Ba7 17. d5 cxd5 18. exd5 Bf5 19. Be3 Bxe3 20. Nxe3 e4 21. Nd4 Bxh3 22. gxh3 Nf4 23. Ng4 N6xd5 24. Bxd5 Nxd5 25. Nxh6+ gxh6 26. Qh5 Nf4 27. Rg1+ Kh7 28. Rg7+ Kxg7 29. Nf5+ Kf6 30. Qxh6+ Ng6 31. Ne3 Rf8 32. Nd5+ Ke5 33. Qg5+ f5 34. Rd1 Qd8 35. f4+ Nxf4 36. Qg7+ Ke6 37. Nxf4# 1-0

[Event "Sparkassen Chess Trophy 2022 A-Open"]
[Site "Dortmund"]
[Date "2024.08.12"]
[Round "3"]
[White "Blomer, Moritz"]
[Black "Weisskopf, Lutz"]
[Result "1-0"]
[WhiteElo "1939"]
[BlackElo "2026"]
[PlyCount "97"]
[EventDate "2024.08.10"]

1. Nf3 Nf6 2. g3 g6 3. b3 Bg7 4. Bb2 d6 5. d4 c6 6. Bg2 O-O 7. O-O Nbd7 8. c4 Re8 9. Nc3 e5 10. e4 exd4 11. Nxd4 Nc5 12. Qc2 Qb6 13. Rfd1 Bg4 14. Rd2 Rad8 15. h3 Bc8 16. Rad1 a5 17. Ba3 Bh6 18. f4 Nh5 19. Nce2 Nxg3 20. Nxg3 Bxf4 21. Nge2 Bxd2 22. Rxd2 Nd7 23. Bxd6 c5 24. Nb5 Ne5 25. Qc3 Qc6 26. Rd5 f6 27. Na7 Qa6 28. Nxc8 Rxc8 29. Bxe5 fxe5 30. Rxe5 Rxe5 31. Qxe5 Qc6 32. Nf4 Kf7 33. Nd5 Qe6 34. Qf4+ Kg7 35. e5 b6 36. Qf6+ Qxf6 37. Nxf6 Kf7 38. Bd5+ Ke7 39. Kg2 h5 40. Kg3 g5 41. Ng8+ Kf8 42. Nf6 Ke7 43. Nxh5 Rd8 44. Nf6 Rh8 45. Ng8+ Kd8 46. e6 Rxg8 47. e7+ Kxe7 48. Bxg8 Kf6 49. Kg4 1-0

[Event "Sparkassen Chess Trophy 2022 A-Open"]
[Site "Dortmund"]
[Date "2024.08.12"]
[Round "3"]
[White "Tahashi-Knoche, Farzad"]
[Black "Van Amerongen-Jansen, Peggy"]
[Result "0-1"]
[WhiteElo "1960"]
[BlackElo "1931"]
[PlyCount "94"]
[EventDate "2024.08.10"]

1. d4 d5 2. Bf4 Nf6 3. e3 Bg4 4. f3 Bh5 5. Nc3 e6 6. Bd3 a6 7. g4 Bg6 8. h4 Bxd3 9. cxd3 Bd6 10. Nge2 Bxf4 11. Nxf4 Qd6 12. Qd2 Nbd7 13. g5 Ng8 14. Nh5 g6 15. Nf4 h5 16. O-O-O Ne7 17. Kb1 Kf8 18. e4 b5 19. Rc1 Kg7 20. Nfe2 Rhb8 21. f4 c5 22. Ng3 dxe4 23. dxe4 Qxd4 24. Qe2 Nb6 25. f5 exf5 26. exf5 Nxf5 27. Nxf5+ gxf5 28. Qxh5 Qd3+ 29. Ka1 Rh8 30. Rcd1 Rxh5 31. Rxd3 Rah8 32. Rdh3 Re8 33. R3h2 f6 34. Ne2 Rhh8 35. Rg1 fxg5 36. Rxg5+ Kf6 37. Kb1 Nc4 38. Rf2 Ne3 39. a4 Rxh4 40. Rg1 Rxa4 41. Nf4 Ng4 42. Nd5+ Kg5 43. Rh2 Rae4 44. Rgg2 R8e5 45. Nc3 Re1+ 46. Ka2 b4 47. Ne2 Kf6 0-1

[Event "Sparkassen Chess Trophy 2022 A-Open"]
[Site "Dortmund"]
[Date "2024.08.12"]
[Round "3"]
[White "Zhuikov, Edgard"]
[Black "Kock, Stefan"]
[Result "0-1"]
[WhiteElo "1923"]
[BlackElo "2029"]
[PlyCount "104"]
[EventDate "2024.08.10"]

1. e4 c5 2. Nf3 a6 3. d4 cxd4 4. c3 d3 5. c4 g6 6. Bxd3 Bg7 7. O-O d6 8. h3 Nc6 9. Qe2 Nf6 10. a3 O-O 11. Nc3 Nd7 12. Be3 b6 13. Rac1 Bb7 14. b4 Nce5 15. Nxe5 Bxe5 16. f4 Bg7 17. f5 Ne5 18. Nd5 Bxd5 19. cxd5 b5 20. a4 Nxd3 21. Qxd3 bxa4 22. Qa3 Qb8 23. Qxa4 Qb5 24. Qxb5 axb5 25. Rc7 Bf6 26. Bh6 Rfc8 27. Rfc1 Rxc7 28. Rxc7 Bg7 29. Be3 Rb8 30. Kf2 Kf8 31. Bg5 Bd4+ 32. Kf3 f6 33. Be3 Bxe3 34. Kxe3 Kf7 35. Kd4 g5 36. Ke3 h5 37. g3 Ra8 38. Rb7 Ra3+ 39. Kd4 Rxg3 40. Rxb5 Rxh3 41. Ra5 Rb3 42. Kc4 Rb1 43. Ra2 h4 44. Rh2 Kg7 45. Kb5 Kh6 46. Kc6 Rxb4 47. e5 dxe5 48. Kd7 Rb7+ 49. Ke6 Kh5 50. d6 exd6 51. Kxf6 g4 52. Ra2 g3 0-1

[Event "Sparkassen Chess Trophy 2022 A-Open"]
[Site "Dortmund"]
[Date "2024.08.12"]
[Round "3"]
[White "Krueger, Andre"]
[Black "Lang, Nico"]
[Result "1/2-1/2"]
[WhiteElo "2018"]
[BlackElo "1939"]
[PlyCount "102"]
[EventDate "2024.08.10"]

1. c4 c5 2. Nf3 g6 3. g3 Bg7 4. Bg2 Nc6 5. Nc3 e6 6. h4 h5 7. e3 Nge7 8. d4 cxd4 9. Nxd4 Nxd4 10. exd4 Nf5 11. d5 Qc7 12. Qd3 a6 13. O-O e5 14. Bg5 f6 15. Bd2 d6 16. Rac1 b6 17. Ne4 Nd4 18. Bc3 f5 19. Ng5 O-O 20. Bxd4 exd4 21. Rfe1 Be5 22. f4 Bf6 23. Ne6 Bxe6 24. dxe6 Rae8 25. Bd5 Re7 26. Rc2 Qc5 27. Kh2 a5 28. b3 Ra8 29. a4 Qxc4 30. Rd1 Kf8 31. Qf3 Rg7 32. Rcd2 Qc5 33. Qf2 Re7 34. Re1 Rc8 35. Qf3 Rcc7 36. Red1 Re8 37. Re2 Ree7 38. Qf2 Rc8 39. Red2 Rd8 40. Qf3 Rc8 41. Bb7 Rcc7 42. Bd5 Rc8 43. Kg2 Rcc7 44. Rg1 Qc2 45. Qf1 Re8 46. Kh2 Be7 47. Qf3 Rec8 48. Qd3 Re8 49. Qxc2 Rec8 50. Qb2 Kg7 51. Rd3 Kf8 1/2-1/2

[Event "Sparkassen Chess Trophy 2022 A-Open"]
[Site "Dortmund"]
[Date "2024.08.12"]
[Round "3"]
[White "Buchinger, Alexis"]
[Black "Prueske, Wolfgang"]
[Result "1-0"]
[WhiteElo "1991"]
[BlackElo "1970"]
[PlyCount "75"]
[EventDate "2024.08.10"]

1. e4 c6 2. Nf3 d5 3. Nc3 a6 4. a4 g6 5. d4 Bg7 6. a5 Bg4 7. e5 h5 8. h3 Bxf3 9. Qxf3 e6 10. b4 Bf8 11. Rb1 Be7 12. Na4 Nd7 13. Qc3 h4 14. Bd3 Nh6 15. Bxh6 Rxh6 16. f4 Kf8 17. O-O Qc7 18. Rb3 Kg7 19. Nc5 Nxc5 20. bxc5 Bd8 21. Ra1 Qe7 22. Rab1 Ra7 23. Kf2 f6 24. Qb2 fxe5 25. Rxb7 Rxb7 26. Qxb7 exd4 27. Qxe7+ Bxe7 28. Rb6 Kf6 29. Rxa6 Bxc5 30. Rxc6 Ba7 31. Rc7 Bb8 32. Rd7 Bxf4 33. a6 Bb8 34. Rb7 Rh8 35. Bb5 Rc8 36. Kf1 Ke5 37. Bd7 Rc7 38. Rxc7 1-0

[Event "Sparkassen Chess Trophy 2022 A-Open"]
[Site "Dortmund"]
[Date "2024.08.12"]
[Round "3"]
[White "Ruhmann, Gabriel"]
[Black "Mader, Fabian"]
[Result "0-1"]
[WhiteElo "1847"]
[BlackElo "2019"]
[PlyCount "76"]
[EventDate "2024.08.10"]

1. Nf3 Nf6 2. c4 g6 3. b4 Bg7 4. Bb2 O-O 5. g3 d6 6. Bg2 e5 7. O-O Nh5 8. d3 f5 9. Nc3 c6 10. b5 Be6 11. Qa4 f4 12. Ne4 c5 13. Nfd2 Nd7 14. Qc2 Qe7 15. Nc3 Ndf6 16. Nd5 Nxd5 17. cxd5 Bg4 18. Nc4 Qd7 19. f3 fxg3 20. fxg4 gxh2+ 21. Kxh2 Qxg4 22. e3 Bh6 23. Rae1 Ng3 24. Rf2 Qh4+ 25. Bh3 Ne4 26. Rg2 Ng5 27. Rxg5 Rf2+ 28. Rg2 Rxc2 29. Rxc2 Qxe1 30. Nxd6 Qxe3 31. Be6+ Kg7 32. Rg2 Bf4+ 33. Kh1 Qe1+ 34. Rg1 Qh4+ 35. Kg2 Rf8 36. Kf3 Be3+ 37. Kxe3 Qf2+ 38. Ke4 Qf4# 0-1

[Event "Sparkassen Chess Trophy 2022 A-Open"]
[Site "Dortmund"]
[Date "2024.08.12"]
[Round "3"]
[White "Riechenberg, Maximilian"]
[Black "Stork, Simon"]
[Result "0-1"]
[WhiteElo "1981"]
[BlackElo "2055"]
[PlyCount "66"]
[EventDate "2024.08.10"]

1. e4 e5 2. Nf3 Nc6 3. Bb5 a6 4. Ba4 Bc5 5. c3 Nge7 6. d4 exd4 7. cxd4 Bb4+ 8. Bd2 Bxd2+ 9. Nbxd2 d5 10. e5 O-O 11. O-O Bg4 12. Bxc6 Nxc6 13. Qb3 Rb8 14. Rac1 Ne7 15. Rfe1 Bxf3 16. Qxf3 f6 17. e6 Qd6 18. Nb3 Rfe8 19. Rc3 Nc6 20. Rce3 Re7 21. Qg4 Rf8 22. Nc5 f5 23. Qh4 f4 24. Rh3 h6 25. f3 Rf6 26. Qf2 b6 27. Nxa6 Rfxe6 28. Rxe6 Qxe6 29. Rh4 Qf6 30. g3 Nxd4 31. Nb4 c6 32. gxf4 Re2 33. Qg3 Rxb2 0-1

[Event "Sparkassen Chess Trophy 2022 A-Open"]
[Site "Dortmund"]
[Date "2024.08.12"]
[Round "3"]
[White "Erofeev, Anastasia"]
[Black "Slanina, Aaron"]
[Result "0-1"]
[WhiteElo "2030"]
[BlackElo "2001"]
[PlyCount "91"]
[EventDate "2024.08.10"]

1. d4 Nf6 2. c4 e6 3. Nc3 Bb4 4. Qc2 c5 5. e3 cxd4 6. exd4 Nc6 7. Nf3 d5 8. a3 Be7 9. c5 O-O 10. Bd3 b6 11. b4 bxc5 12. dxc5 Qc7 13. Bg5 h6 14. Bh4 Ne5 15. Bg3 Nxd3+ 16. Qxd3 Qb7 17. Qb5 a5 18. Qxb7 Bxb7 19. O-O Nd7 20. Ne5 Nxe5 21. Bxe5 f6 22. Bc7 Rfc8 23. Bb6 d4 24. Na4 Bc6 25. Nb2 Bb5 26. Rfc1 axb4 27. axb4 e5 28. Ba5 Kf7 29. Nc4 Bxc4 30. Rxc4 Bd8 31. f4 Ke6 32. c6 Bxa5 33. bxa5 Kd5 34. Rb4 Rxc6 35. Rb7 e4 36. Ra4 Rc1+ 37. Kf2 e3+ 38. Ke2 Rc2+ 39. Kf3 Re8 40. a6 e2 41. Rb1 e1=Q 42. Rxe1 Rxe1 43. a7 Re3+ 44. Kg4 Rxg2+ 45. Kf5 Re8 46. a8=Q+ 0-1

[Event "Sparkassen Chess Trophy 2022 A-Open"]
[Site "Dortmund"]
[Date "2024.08.12"]
[Round "3"]
[White "Vihan, Shourya"]
[Black "Linde, Wolfgang"]
[Result "1/2-1/2"]
[WhiteElo "1998"]
[BlackElo "2070"]
[PlyCount "55"]
[EventDate "2024.08.10"]

1. d4 d5 2. c4 e6 3. Nc3 Nf6 4. cxd5 exd5 5. Bg5 Be7 6. e3 O-O 7. Bd3 Re8 8. Nge2 c6 9. O-O Nbd7 10. Qc2 Nf8 11. Rab1 a5 12. a3 g6 13. Nc1 Ne6 14. Bxf6 Bxf6 15. b4 axb4 16. axb4 Be7 17. b5 c5 18. dxc5 Bxc5 19. Na4 Bd6 20. Ne2 Bd7 21. Nac3 Nc5 22. Nd4 Re5 23. Rfd1 Rh5 24. g3 Rc8 25. Qa2 Ra8 26. Qc2 Rc8 27. Qa2 Ra8 28. Qc2 1/2-1/2

[Event "Sparkassen Chess Trophy 2022 A-Open"]
[Site "Dortmund"]
[Date "2024.08.12"]
[Round "3"]
[White "Bungarten, Jona"]
[Black "Holzwarth, Felix"]
[Result "0-1"]
[WhiteElo "2073"]
[BlackElo "1991"]
[PlyCount "81"]
[EventDate "2024.08.10"]

1. e4 e5 2. Nf3 Nc6 3. Bc4 Bc5 4. b4 Bxb4 5. c3 Ba5 6. d4 d6 7. Qb3 Qd7 8. O-O Bb6 9. Bb5 a6 10. Qa4 exd4 11. cxd4 axb5 12. Qxa8 Nxd4 13. Be3 Nxf3+ 14. gxf3 Bxe3 15. fxe3 Ne7 16. Nc3 O-O 17. Qa5 c6 18. Rad1 Qe6 19. Qc7 d5 20. exd5 Qxe3+ 21. Kh1 Bh3 22. d6 Bxf1 23. Rxf1 Qd3 24. Kg1 Ng6 25. d7 Qe2 26. Kh1 Qd3 27. Kg1 Nh4 28. a4 Qg6+ 29. Qg3 Rd8 30. axb5 Rxd7 31. bxc6 bxc6 32. Ne4 h6 33. Kf2 Qxg3+ 34. hxg3 Ng6 35. f4 Kf8 36. Rc1 Ne7 37. g4 Ra7 38. Rb1 Nd5 39. Rb8+ Ke7 40. Rg8 Ra4 41. Kf3 0-1

[Event "Sparkassen Chess Trophy 2022 A-Open"]
[Site "Dortmund"]
[Date "2024.08.12"]
[Round "3"]
[White "Madera, Mateusz"]
[Black "Tomasjan, Samuel"]
[Result "0-1"]
[WhiteElo "1921"]
[BlackElo "2011"]
[PlyCount "56"]
[EventDate "2024.08.10"]

1. e4 e6 2. d4 d5 3. Nc3 dxe4 4. Nxe4 Nd7 5. Nf3 Ngf6 6. Nxf6+ Nxf6 7. Bd3 Be7 8. O-O O-O 9. Ne5 c5 10. dxc5 Qc7 11. Qe2 Bxc5 12. Bf4 Bd6 13. Bg3 b6 14. Ng4 Nd5 15. Bxd6 Qxd6 16. c4 Nc7 17. Bxh7+ Kxh7 18. Nf6+ Kg6 19. Ne4 Qe5 20. Qg4+ Kh7 21. Rfe1 Qf5 22. Qg3 Ne8 23. Ng5+ Kg8 24. Re5 Qg6 25. Qf3 Rb8 26. Ne4 Bb7 27. Qe3 Nd6 28. Ng3 Nxc4 0-1

[Event "Sparkassen Chess Trophy 2022 A-Open"]
[Site "Dortmund"]
[Date "2024.08.12"]
[Round "3"]
[White "Hagenmeyer, Felix"]
[Black "Karaissaridis, Christos"]
[Result "1/2-1/2"]
[WhiteElo "1998"]
[BlackElo "1902"]
[PlyCount "95"]
[EventDate "2024.08.10"]

1. e4 d6 2. d4 Nf6 3. Nc3 g6 4. Be3 c6 5. f3 b5 6. a3 Nbd7 7. g4 Nb6 8. b3 Bg7 9. h4 h5 10. g5 Nfd7 11. f4 O-O 12. f5 c5 13. Nf3 cxd4 14. Bxd4 Ne5 15. Nxe5 dxe5 16. Bxb6 Qxb6 17. Nd5 Qb7 18. f6 exf6 19. gxf6 Bh6 20. Be2 Be6 21. Qd3 Rfd8 22. Qxb5 Bxd5 23. exd5 Qxd5 24. Qxd5 Rxd5 25. Rd1 Rad8 26. c4 Rxd1+ 27. Bxd1 Rd6 28. Bf3 Rxf6 29. Bd5 Be3 30. Ke2 Bd4 31. Rc1 Rf2+ 32. Kd3 Bb2 33. Rg1 Kf8 34. c5 Bxa3 35. c6 Bd6 36. Ra1 Rf4 37. Bc4 Ke8 38. Rxa7 e4+ 39. Ke2 Rf2+ 40. Kxf2 Bc5+ 41. Ke2 Bxa7 42. Bxf7+ Kd8 43. Bxg6 Bd4 44. b4 Kc7 45. Bxe4 Bf6 46. Kd3 Bxh4 47. Kc4 Bf2 48. b5 1/2-1/2

[Event "Sparkassen Chess Trophy 2022 A-Open"]
[Site "Dortmund"]
[Date "2024.08.12"]
[Round "3"]
[White "Ravikumar, Pranava"]
[Black "Theisen, Johannes"]
[Result "1-0"]
[WhiteElo "1991"]
[BlackElo "1927"]
[PlyCount "109"]
[EventDate "2024.08.10"]

1. d4 d5 2. Nf3 e6 3. e3 Nf6 4. Bd3 c5 5. b3 Nc6 6. O-O Bd6 7. Bb2 O-O 8. c4 cxd4 9. exd4 b6 10. Nbd2 Bb7 11. Rc1 Rc8 12. Re1 Bf4 13. a3 Rc7 14. c5 bxc5 15. dxc5 a5 16. Rb1 Qb8 17. g3 Bh6 18. Ne5 Na7 19. b4 axb4 20. axb4 Bc6 21. Nxc6 Rxc6 22. Be5 Qd8 23. Bd4 Nd7 24. Qc2 g6 25. Nb3 Bg7 26. Bxg7 Kxg7 27. b5 Rc8 28. Ra1 Ra8 29. c6 Nb6 30. Qc5 Qc7 31. Ra6 Nac8 32. Rxa8 Nxa8 33. Ra1 Nab6 34. f4 f6 35. Nd4 Re8 36. Re1 e5 37. f5 gxf5 38. Nxf5+ Kh8 39. Qe3 e4 40. Qh6 Qf7 41. Be2 Qg6 42. Qf4 Qg5 43. Qf2 Re5 44. Rf1 Kg8 45. h4 Qg6 46. g4 Re6 47. Qf4 Qe8 48. Qc7 Qf8 49. Kh1 Na8 50. Qd7 Re8 51. Nh6+ Kh8 52. Rxf6 Qe7 53. Nf5 Qxf6 54. Qxe8+ Qf8 55. Qxf8# 1-0

[Event "Sparkassen Chess Trophy 2022 A-Open"]
[Site "Dortmund"]
[Date "2024.08.12"]
[Round "3"]
[White "Steinle, Carsten"]
[Black "Brieger, Sebastian"]
[Result "1-0"]
[WhiteElo "2017"]
[BlackElo "1946"]
[PlyCount "70"]
[EventDate "2024.08.10"]

1. Nf3 d5 2. e3 Nf6 3. c4 c6 4. Qb3 g6 5. Nc3 Bg7 6. d4 O-O 7. Bd2 a6 8. a4 a5 9. Rc1 e6 10. Bd3 Na6 11. O-O c5 12. cxd5 cxd4 13. Nxd4 Nb4 14. Bc4 exd5 15. Be2 Nc6 16. Rfd1 Nxd4 17. exd4 h6 18. Bf3 Bg4 19. Bxg4 Nxg4 20. Bf4 Qd7 21. h3 Nf6 22. Be5 Rfd8 23. Nb5 Ne8 24. Bxg7 Kxg7 25. Rc5 Rac8 26. Rdc1 b6 27. Rxc8 Rxc8 28. Rxc8 Qxc8 29. Nc3 Qe6 30. Qxd5 Qe1+ 31. Kh2 Qf1 32. Qe5+ Kf8 33. Nd5 Ng7 34. Qc7 Kg8 35. Nf6+ Kh8 1-0

[Event "Sparkassen Chess Trophy 2022 A-Open"]
[Site "Dortmund"]
[Date "2024.08.12"]
[Round "3"]
[White "Wezel, Sebastian"]
[Black "Kosev, Momchil"]
[Result "1/2-1/2"]
[WhiteElo "1939"]
[BlackElo "1988"]
[PlyCount "44"]
[EventDate "2024.08.10"]

1. e4 c5 2. Nf3 d6 3. d4 cxd4 4. Nxd4 Nf6 5. Nc3 g6 6. Be3 Bg7 7. f3 O-O 8. Qd2 Nc6 9. O-O-O d5 10. exd5 Nxd5 11. Nxc6 bxc6 12. Bd4 e5 13. Bc5 Re8 14. Nxd5 cxd5 15. Qxd5 Qxd5 16. Rxd5 Be6 17. Rd6 Bxa2 18. b3 Rec8 19. Rd5 a5 20. Kb2 a4 21. Kxa2 axb3+ 22. Kxb3 Ra5 1/2-1/2

[Event "Sparkassen Chess Trophy 2022 A-Open"]
[Site "Dortmund"]
[Date "2024.08.12"]
[Round "3"]
[White "Harutyunyan, Hovhannes"]
[Black "Lettko, Michael"]
[Result "1-0"]
[WhiteElo "1992"]
[BlackElo "1937"]
[PlyCount "107"]
[EventDate "2024.08.10"]

1. d4 d5 2. g3 Nf6 3. Bg2 Nbd7 4. Nf3 Nb6 5. O-O c6 6. b3 Bf5 7. Bb2 e6 8. Nh4 Be7 9. Nxf5 exf5 10. Nd2 O-O 11. a4 a5 12. Nf3 Ne4 13. Ne5 h5 14. Qd3 g6 15. f3 Nf6 16. e4 fxe4 17. fxe4 Nxe4 18. Bxe4 dxe4 19. Qxe4 f5 20. Qe2 Kh7 21. Rae1 Bg5 22. Qd3 Rf6 23. Ba3 Nc8 24. Qc4 Nb6 25. Qd3 Nc8 26. c4 Nd6 27. Nf3 Bh6 28. Re5 Nf7 29. Re7 Bf8 30. Ng5+ Kg8 31. Ne6 Qc8 32. Nxf8 Qxf8 33. Rfe1 Ng5 34. d5 Ne4 35. d6 Rf7 36. Qd4 Rd8 37. Qb6 Rd7 38. Qxa5 Nxd6 39. Re8 Qxe8 40. Rxe8+ Nxe8 41. Qa8 Rfe7 42. Bxe7 Rxe7 43. b4 Kf7 44. a5 Nd6 45. a6 bxa6 46. Qxc6 Re1+ 47. Kf2 Re6 48. Qd7+ Kf6 49. c5 Ne4+ 50. Kg2 Ke5 51. c6 Rd6 52. Qg7+ Kd5 53. c7 Rc6 54. Qg8+ 1-0

[Event "Sparkassen Chess Trophy 2022 A-Open"]
[Site "Dortmund"]
[Date "2024.08.12"]
[Round "3"]
[White "Padilla Garcia, Cecilia Xasive"]
[Black "Rodriguez, Augustin"]
[Result "1-0"]
[WhiteElo "1950"]
[BlackElo "2079"]
[PlyCount "74"]
[EventDate "2024.08.10"]

1. e4 c5 2. Nf3 e6 3. d4 cxd4 4. Nxd4 Nf6 5. Nc3 Nc6 6. Nxc6 bxc6 7. e5 Nd5 8. Ne4 Qc7 9. f4 Qb6 10. c3 f5 11. exf6 gxf6 12. Bc4 Ne3 13. Bxe3 Qxe3+ 14. Qe2 Qxe2+ 15. Bxe2 Be7 16. O-O-O d5 17. Bh5+ Kf8 18. Nd2 Bd6 19. g3 Kg7 20. Rhe1 Rf8 21. Bg4 Re8 22. a3 Rb8 23. Kc2 Bd7 24. c4 Rb7 25. b4 a5 26. c5 Bf8 27. Kc3 Kg6 28. Nf3 h5 29. f5+ exf5 30. Rxe8 Bxe8 31. Nh4+ Kg5 32. Bxf5 axb4+ 33. axb4 Re7 34. Rd2 Bg7 35. Kd3 Ra7 36. Re2 Bf7 37. Kc3 Bf8 {Erfassung abgebrochen - unleserlich} 1-0

[Event "Sparkassen Chess Trophy 2022 A-Open"]
[Site "Dortmund"]
[Date "2024.08.12"]
[Round "3"]
[White "Sommer, Justus"]
[Black "Thieu, Nguyen Gia Bao"]
[Result "1-0"]
[WhiteElo "2075"]
[BlackElo "1904"]
[PlyCount "69"]
[EventDate "2024.08.10"]

1. e4 c5 2. Nf3 Nc6 3. Bb5 e5 4. O-O Bd6 5. d4 cxd4 6. c3 a6 7. Bxc6 dxc6 8. cxd4 Bg4 9. dxe5 Bc7 10. Nbd2 Qd7 11. h3 Be6 12. Qc2 O-O-O 13. Nb3 Bxh3 14. gxh3 Qxh3 15. Nh2 Nh6 16. Bf4 g5 17. Bg3 Ng4 18. Qe2 h5 19. Rfc1 Bxe5 20. Bxe5 Nxe5 21. Rc3 Qe6 22. Nc5 Qd6 23. Rac1 f6 24. b4 g4 25. a4 Rhg8 26. Kf1 Ng6 27. Nxb7 Qxh2 28. Nd6+ Kd7 29. Qe3 Nf4 30. Qa7+ Kxd6 31. Rxc6+ Ke5 32. Qe7+ Kd4 33. Qxf6+ Kxe4 34. Re1+ Kd3 35. Qc3# 1-0

[Event "Sparkassen Chess Trophy 2022 A-Open"]
[Site "Dortmund"]
[Date "2024.08.12"]
[Round "3"]
[White "Sprenger de la Iglesia, Yevgeni"]
[Black "Dornieden, Jonas"]
[Result "1/2-1/2"]
[WhiteElo "1973"]
[BlackElo "2075"]
[PlyCount "84"]
[EventDate "2024.08.10"]

1. d4 d5 2. c4 e6 3. Nf3 Nf6 4. g3 Be7 5. Bg2 O-O 6. O-O dxc4 7. Qc2 b6 8. Bg5 Nd5 9. Bxe7 Qxe7 10. a3 c5 11. Nbd2 Ba6 12. Nxc4 cxd4 13. Rac1 Nc6 14. Qa4 Bb7 15. Ncd2 Rac8 16. Nxd4 Nxd4 17. Qxd4 Rcd8 18. Rfd1 Nf6 19. Qe3 Bxg2 20. Kxg2 Qd7 21. Qf3 Qd4 22. b4 h6 23. Qb3 Qe5 24. Qf3 Qb2 25. Nc4 Rxd1 26. Rxd1 Qa2 27. Qd3 Rc8 28. Ne3 Qb2 29. Nc4 Qa2 30. Ne3 a5 31. Qa6 Rc3 32. bxa5 bxa5 33. Qxa5 Rxa3 34. Qd2 Ne4 35. Qc2 Qxc2 36. Nxc2 Ra2 37. Rd8+ Kh7 38. Rc8 g5 39. f3 Nd6 40. Rc6 Nb5 41. Kf2 Ra4 42. Ke3 Na3 1/2-1/2

[Event "Sparkassen Chess Trophy 2022 A-Open"]
[Site "Dortmund"]
[Date "2024.08.12"]
[Round "3"]
[White "Schaller, Fabian"]
[Black "Schloesser, Alexander"]
[Result "1/2-1/2"]
[WhiteElo "2086"]
[BlackElo "1975"]
[PlyCount "28"]
[EventDate "2024.08.10"]

1. d4 d5 2. Nc3 Nf6 3. Bf4 a6 4. e3 c5 5. dxc5 Nc6 6. Nf3 Bg4 7. Be2 e6 8. O-O Bxc5 9. h3 Bh5 10. a3 O-O 11. Na4 Be7 12. Nc3 b5 13. Nd4 Bxe2 14. Ncxe2 Qd7 1/2-1/2

[Event "Sparkassen Chess Trophy 2022 A-Open"]
[Site "Dortmund"]
[Date "2024.08.12"]
[Round "3"]
[White "Manukonda Arun"]
[Black "Meuer, David"]
[Result "0-1"]
[WhiteElo "1988"]
[BlackElo "2087"]
[PlyCount "76"]
[EventDate "2024.08.10"]

1. d4 e6 2. c4 Nf6 3. Nc3 Bb4 4. f3 d5 5. a3 Bxc3+ 6. bxc3 c5 7. cxd5 exd5 8. e3 c4 9. e4 dxe4 10. Bxc4 O-O 11. fxe4 Nxe4 12. Nf3 Nxc3 13. Qb3 Qe7+ 14. Kf1 Ne4 15. a4 Re8 16. Ba3 Qf6 17. Re1 Nc6 18. Bxf7+ Qxf7 19. Qxf7+ Kxf7 20. d5 h6 21. dxc6 bxc6 22. Bb2 Kg8 23. Ne5 Ba6+ 24. Kg1 Nc5 25. Kf2 Nxa4 26. Ba1 Bb5 27. Rc1 Rac8 28. Rhd1 c5 29. Rd5 a6 30. g4 c4 31. Bd4 Rcd8 32. Rxd8 Rxd8 33. Ke3 Rc8 34. h4 Nc5 35. Ng6 Re8+ 36. Kf3 Nb3 37. Rd1 Nxd4+ 38. Rxd4 c3 0-1

[Event "Sparkassen Chess Trophy 2022 A-Open"]
[Site "Dortmund"]
[Date "2024.08.12"]
[Round "3"]
[White "Fronda, Jan Jodilyn"]
[Black "Stoll, Thomas"]
[Result "1-0"]
[WhiteElo "2089"]
[BlackElo "1978"]
[PlyCount "79"]
[EventDate "2024.08.10"]

1. e4 e5 2. Nf3 Nc6 3. Bb5 a6 4. Ba4 Nf6 5. d3 b5 6. Bb3 Bd6 7. c3 O-O 8. Nbd2 Na5 9. Bc2 c5 10. Nf1 h6 11. g4 Be7 12. Ne3 d5 13. Nxe5 dxe4 14. dxe4 Qc7 15. f4 Bd6 16. O-O Re8 17. Nf5 Bxf5 18. gxf5 Rad8 19. Qf3 Qb7 20. Be3 Bxe5 21. fxe5 Rxe5 22. Bxh6 gxh6 23. Qg3+ Kh7 24. Qxe5 Rg8+ 25. Kh1 Re8 26. Qf4 Nc4 27. Rae1 Ne5 28. Rg1 c4 29. Qh4 Qe7 30. Re3 Nd3 31. Bxd3 cxd3 32. Rxd3 Qe5 33. Rdg3 Qxe4+ 34. Qxe4 Nxe4 35. Rg7+ Kh8 36. Rxf7 Nf2+ 37. Kg2 Nd3 38. f6 Kg8 39. Rd7 Ne5 40. Re7 1-0

[Event "Sparkassen Chess Trophy 2022 A-Open"]
[Site "Dortmund"]
[Date "2024.08.12"]
[Round "3"]
[White "Kruse, Victor"]
[Black "Scholz, Benedict"]
[Result "1-0"]
[WhiteElo "2063"]
[BlackElo "1990"]
[PlyCount "127"]
[EventDate "2024.08.10"]

1. d4 Nf6 2. c4 g6 3. Nc3 Bg7 4. e4 d6 5. Nf3 O-O 6. Be2 e5 7. Be3 Nc6 8. d5 Ne7 9. Nd2 Ne8 10. f3 f5 11. c5 f4 12. Bf2 g5 13. Nc4 Rf6 14. Qb3 Rg6 15. O-O-O g4 16. Kb1 Kh8 17. cxd6 cxd6 18. Nb5 b6 19. a4 Nc7 20. Nxc7 Qxc7 21. Rc1 Qd8 22. Qb4 gxf3 23. Bxf3 Bg4 24. Nxd6 Qf8 25. Nb5 Bxf3 26. gxf3 Rg2 27. Bh4 Ng6 28. Qxf8+ Bxf8 29. Be1 Bc5 30. Rc2 Rxc2 31. Kxc2 Nf8 32. b4 Be3 33. Bc3 Nd7 34. Nd6 Bd4 35. Bxd4 exd4 36. Rg1 h6 37. Rg6 Ne5 38. Rxh6+ Kg8 39. Re6 Nxf3 40. Kd3 Rf8 41. Nf5 Nxh2 42. Kxd4 Kf7 43. Kd3 f3 44. Ke3 Rh8 45. Re7+ Kf6 46. Kf4 Rg8 47. e5+ Kg6 48. Nh4+ Kh6 49. Nf5+ Kg6 50. Nh4+ Kh6 51. Re6+ Kh7 52. Nxf3 Rf8+ 53. Rf6 Rxf6+ 54. exf6 Nxf3 55. Kxf3 Kg6 56. Kf4 Kxf6 57. b5 Ke7 58. Ke5 Kd7 59. d6 Kd8 60. Ke6 Ke8 61. d7+ Kd8 62. Kd6 a5 63. bxa6 b5 64. a7 1-0

[Event "Sparkassen Chess Trophy 2022 A-Open"]
[Site "Dortmund"]
[Date "2024.08.12"]
[Round "3"]
[White "Thiemann, Marc"]
[Black "Murawski, Jan"]
[Result "0-1"]
[WhiteElo "1974"]
[BlackElo "2093"]
[PlyCount "132"]
[EventDate "2024.08.10"]

1. e4 e5 2. Bc4 Nf6 3. d3 c6 4. Nf3 d5 5. Bb3 a5 6. a4 Bb4+ 7. c3 Bd6 8. exd5 cxd5 9. Bg5 Be6 10. Na3 Nc6 11. Nb5 Bb8 12. O-O O-O 13. Re1 h6 14. Bh4 Re8 15. Nd2 g5 16. Bg3 Bg4 17. Qc1 Bf5 18. d4 e4 19. Nf1 Qd7 20. Bxb8 Raxb8 21. h4 Nh7 22. Ne3 Be6 23. hxg5 hxg5 24. Qd1 Nf6 25. c4 Nb4 26. cxd5 Nbxd5 27. Nc4 Kg7 28. Ne5 Qe7 29. Qd2 e3 30. fxe3 Rh8 31. e4 Nf4 32. Bxe6 Qxe6 33. Ra3 Rbd8 34. Qxa5 Ng4 35. Nc7 Qa6 36. Ne6+ Qxe6 37. Nxf7 Kxf7 38. Qxg5 Ng6 39. Rg3 Nh6 40. Rf3+ Kg7 41. e5 Rdf8 42. Ref1 Rxf3 43. Rxf3 Qb6 44. Qf6+ Qxf6 45. exf6+ Kf7 46. Rb3 Rb8 47. a5 Nf5 48. Rb6 Ra8 49. Rxb7+ Kxf6 50. b4 Nxd4 51. Rb6+ Kf5 52. a6 Ne5 53. b5 Nc4 54. Rh6 Kg5 55. b6 Rxa6 56. b7 Ra1+ 57. Kh2 Rb1 58. Rh7 Nd6 59. Rd7 N6f5 60. Rc7 Rxb7 61. Rc3 Nd6 62. Rd3 Ne4 63. Rf3 Nf6 64. g3 Ng4+ 65. Kh3 Rb2 66. Rf2 Nxf2+ 0-1